00433nam a2200157Ia 4500008004100000020001800041041000800059082002000067100002100087245005400108250001200162260003200174300000800206365001600214700004500230230718s9999 xx 000 0 und d a9789351071587 aeng a620.001535bZIE aZienkiewicz O.C. aFinite Element MethodbIts Basis And Fundamentals a7th ed. c2014bButterworth-Heinemann a714 cRs.b610.00 aZienkiewicz O.C.; Taylor R.L. & Zhu J.Z.